[Event "67th Greek Championship"]
[Site "chess24.com"]
[Date "2017.12.20"]
[Round "6"]
[White "Nikolaidis, Ioannis"]
[Black "Kouskoutis, Georgios-Alexandros"]
[Result "1-0"]
[Board "1"]
[WhiteElo "2517"]
[WhiteTitle "GM"]
[WhiteCountry "GRE"]
[WhiteFideId "4202139"]
[WhiteEloChange "3"]
[BlackElo "2365"]
[BlackCountry "GRE"]
[BlackFideId "4234049"]
[BlackEloChange "-6"]

1. d4 {[%clk 1:30:34]} Nf6 {[%clk 1:30:50]} 2. c4 {[%clk 1:30:45]} g6 {[%clk
1:31:11]} 3. Nc3 {[%clk 1:30:28]} Bg7 {[%clk 1:31:37]} 4. e4 {[%clk 1:30:54]} d6
{[%clk 1:32:01]} 5. Nge2 {[%clk 1:30:03]} O-O {[%clk 1:32:04]} 6. Ng3 {[%clk
1:30:29]} a6 {[%clk 1:29:55]} 7. Be2 {[%clk 1:30:06]} c5 {[%clk 1:29:21]} 8. d5
{[%clk 1:30:03]} h5 {[%clk 1:25:27]} 9. Bg5 {[%clk 1:27:33]} b5 {[%clk 1:23:54]}
10. cxb5 {[%clk 1:27:37]} axb5 {[%clk 1:23:41]} 11. Bxb5 {[%clk 1:25:00]} Ba6
{[%clk 1:20:41]} 12. Bxa6 {[%clk 1:19:08]} Nxa6 {[%clk 1:21:01]} 13. Qd2 {[%clk
1:17:39]} Qb6 {[%clk 1:08:46]} 14. O-O {[%clk 1:14:07]} Nc7 {[%clk 0:55:40]} 15.
Rac1 {[%clk 1:02:03]} Rfb8 {[%clk 0:51:20]} 16. b3 {[%clk 1:01:05]} Qb4 {[%clk
0:44:25]} 17. f3 {[%clk 0:56:29]} Nb5 {[%clk 0:36:42]} 18. Nge2 {[%clk 0:49:50]}
Nxc3 {[%clk 0:14:02]} 19. Rxc3 {[%clk 0:42:07]} Rb7 {[%clk 0:14:02]} 20. Rc2
{[%clk 0:39:38]} Qb6 {[%clk 0:04:42]} 21. Nc3 {[%clk 0:34:39]} Rba7 {[%clk
0:02:56]} 22. Kh1 {[%clk 0:25:06]} Qd8 {[%clk 0:02:40]} 23. Bh6 {[%clk 0:25:06]}
Bh8 {[%clk 0:02:46]} 24. Nd1 {[%clk 0:22:40]} Kh7 {[%clk 0:01:47]} 25. Bg5 {[%clk
0:21:29]} Qe8 {[%clk 0:00:35]} 26. Ne3 {[%clk 0:19:44]} Bg7 {[%clk 0:00:48]} 27.
Nc4 {[%clk 0:19:39]} Qb5 {[%clk 0:00:35]} 28. Rf2 {[%clk 0:18:13]} Rb7 {[%clk
0:00:35]} 29. g3 {[%clk 0:18:03]} Kg8 {[%clk 0:00:48]} 30. Kg2 {[%clk 0:18:21]}
Rba7 {[%clk 0:00:35]} 31. Re2 {[%clk 0:18:18]} Rd7 {[%clk 0:00:36]} 32. Qd3
{[%clk 0:16:23]} Qa6 {[%clk 0:00:54]} 33. Bd2 {[%clk 0:16:23]} Qb7 {[%clk
0:00:39]} 34. Bc3 {[%clk 0:16:08]} Qa6 {[%clk 0:00:40]} 35. f4 {[%clk 0:15:20]}
Rdd8 {[%clk 0:00:37]} 36. Bxf6 {[%clk 0:15:04]} Bxf6 {[%clk 0:00:32]} 37. e5
{[%clk 0:15:20]} dxe5 {[%clk 0:00:35]} 38. fxe5 {[%clk 0:15:39]} Bg7 {[%clk
0:00:54]} 39. Qf3 {[%clk 0:13:44]} Qb7 {[%clk 0:00:45]} 40. Rcd2 {[%clk 0:40:21]}
f5 {[%clk 0:30:32]} 41. e6 {[%clk 0:32:12]} Bd4 {[%clk 0:21:31]} 42. d6 {[%clk
0:32:14]} Qxf3+ {[%clk 0:21:58]} 43. Kxf3 {[%clk 0:32:40]} Rxd6 {[%clk 0:09:00]}
44. Nxd6 {[%clk 0:32:49]} exd6 {[%clk 0:09:28]} 45. e7 {[%clk 0:30:01]} Kf7
{[%clk 0:08:08]} 46. e8Q+ {[%clk 0:29:04]} Rxe8 {[%clk 0:08:34]} 47. Rxe8 {[%clk
0:29:26]} Kxe8 {[%clk 0:09:01]} 48. b4 {[%clk 0:23:51]} Kd7 {[%clk 0:08:24]} 49.
bxc5 {[%clk 0:21:39]} dxc5 {[%clk 0:08:48]} 50. Kf4 {[%clk 0:20:09]} Ke6 {[%clk
0:03:27]} 51. Re2+ {[%clk 0:18:12]} Kd5 {[%clk 0:03:02]} 52. Kg5 {[%clk 0:16:40]}
Kc4 {[%clk 0:03:09]} 53. Re6 {[%clk 0:14:09]} Kd3 {[%clk 0:01:16]} 54. Rxg6
{[%clk 0:12:21]} c4 {[%clk 0:01:21]} 55. Kxh5 {[%clk 0:11:41]} c3 {[%clk
0:01:30]} 56. Rc6 {[%clk 0:12:01]} Be3 {[%clk 0:00:43]} 57. a4 {[%clk 0:10:09]}
c2 {[%clk 0:00:41]} 58. a5 {[%clk 0:10:15]} c1Q {[%clk 0:00:45]} 59. Rxc1 {[%clk
0:10:41]} Bxc1 {[%clk 0:01:11]} 60. a6 {[%clk 0:11:01]} Be3 {[%clk 0:01:38]} 61.
Kg6 {[%clk 0:11:06]} Kc4 {[%clk 0:01:00]} 62. h4 {[%clk 0:10:46]} Kb5 {[%clk
0:01:27]} 63. Kxf5 {[%clk 0:10:50]} Kxa6 {[%clk 0:01:54]} 64. g4 {[%clk 0:11:08]}
Kb5 {[%clk 0:00:42]} 65. g5 {[%clk 0:10:23]} Kc4 {[%clk 0:00:37]} 66. g6 {[%clk
0:10:11]} Bh6 {[%clk 0:00:39]} 67. Kf6 {[%clk 0:10:32]} 1-0

[Event "67th Greek Championship"]
[Site "chess24.com"]
[Date "2017.12.20"]
[Round "6"]
[White "Pavlidis, Anastasios"]
[Black "Mastrovasilis, Athanasios"]
[Result "0-1"]
[Board "2"]
[WhiteElo "2358"]
[WhiteTitle "IM"]
[WhiteCountry "GRE"]
[WhiteFideId "4208404"]
[WhiteEloChange "-6"]
[BlackElo "2493"]
[BlackTitle "GM"]
[BlackCountry "GRE"]
[BlackFideId "4201990"]
[BlackEloChange "3"]

1. d4 {[%clk 1:28:04]} d5 {[%clk 1:30:40]} 2. Nf3 {[%clk 1:28:15]} Nf6 {[%clk
1:30:47]} 3. Bf4 {[%clk 1:27:40]} e6 {[%clk 1:30:28]} 4. e3 {[%clk 1:28:03]} Bd6
{[%clk 1:30:45]} 5. Ne5 {[%clk 1:25:05]} O-O {[%clk 1:28:13]} 6. Bd3 {[%clk
1:24:35]} Ne4 {[%clk 1:28:20]} 7. Nd2 {[%clk 1:14:57]} Nxd2 {[%clk 1:26:00]} 8.
Qxd2 {[%clk 1:14:49]} f6 {[%clk 1:26:19]} 9. Nf3 {[%clk 1:14:44]} Nc6 {[%clk
1:26:43]} 10. e4 {[%clk 1:00:44]} e5 {[%clk 1:17:19]} 11. dxe5 {[%clk 0:57:17]}
fxe5 {[%clk 1:15:28]} 12. Bg5 {[%clk 0:57:25]} Qe8 {[%clk 1:15:13]} 13. Bb5
{[%clk 0:44:18]} d4 {[%clk 1:02:14]} 14. a3 {[%clk 0:22:24]} Qg6 {[%clk 0:41:28]}
15. Bd3 {[%clk 0:21:25]} h6 {[%clk 0:37:05]} 16. Bh4 {[%clk 0:21:48]} Bg4 {[%clk
0:22:10]} 17. Ng1 {[%clk 0:18:38]} Be6 {[%clk 0:20:30]} 18. Bg3 {[%clk 0:18:25]}
Ne7 {[%clk 0:17:07]} 19. f4 {[%clk 0:14:52]} exf4 {[%clk 0:13:25]} 20. e5 {[%clk
0:15:15]} Nf5 {[%clk 0:12:36]} 21. Bxf4 {[%clk 0:15:04]} Bd5 {[%clk 0:09:59]} 22.
Nf3 {[%clk 0:14:04]} Bxf3 {[%clk 0:09:12]} 23. gxf3 {[%clk 0:14:22]} Rae8 {[%clk
0:09:23]} 24. Qe2 {[%clk 0:11:19]} Bxe5 {[%clk 0:08:47]} 25. Bxe5 {[%clk
0:10:01]} Rxe5 {[%clk 0:09:16]} 26. Be4 {[%clk 0:08:43]} Qg5 {[%clk 0:09:16]} 27.
Kd1 {[%clk 0:02:25]} Nd6 {[%clk 0:07:14]} 28. Re1 {[%clk 0:00:36]} Rfe8 {[%clk
0:06:37]} 29. Qd3 {[%clk 0:00:35]} c5 {[%clk 0:06:24]} 30. c3 {[%clk 0:00:44]}
Nxe4 {[%clk 0:05:06]} 31. fxe4 {[%clk 0:00:58]} dxc3 {[%clk 0:05:05]} 32. Kc2
{[%clk 0:00:58]} cxb2 {[%clk 0:04:59]} 33. Rad1 {[%clk 0:00:33]} Rxe4 {[%clk
0:03:59]} 34. Rxe4 {[%clk 0:00:32]} Qg2+ {[%clk 0:04:20]} 35. Rd2 {[%clk
0:00:32]} Qxe4 {[%clk 0:04:40]} 36. Qxe4 {[%clk 0:00:55]} Rxe4 {[%clk 0:05:02]}
0-1

[Event "67th Greek Championship"]
[Site "chess24.com"]
[Date "2017.12.20"]
[Round "6"]
[White "Moutousis, Konstantinos"]
[Black "Sandalakis, Nikolaos"]
[Result "1-0"]
[Board "3"]
[WhiteElo "2389"]
[WhiteTitle "IM"]
[WhiteCountry "GRE"]
[WhiteFideId "4200071"]
[WhiteEloChange "5"]
[BlackElo "2213"]
[BlackCountry "GRE"]
[BlackFideId "4222890"]
[BlackEloChange "-5"]

1. d4 {[%clk 1:27:31]} d5 {[%clk 1:30:50]} 2. Bf4 {[%clk 1:27:52]} Nf6 {[%clk
1:30:35]} 3. e3 {[%clk 1:27:53]} c5 {[%clk 1:22:48]} 4. Nc3 {[%clk 1:16:00]} e6
{[%clk 1:08:58]} 5. Nb5 {[%clk 1:09:51]} Na6 {[%clk 1:09:18]} 6. c3 {[%clk
1:10:16]} Be7 {[%clk 1:01:57]} 7. a4 {[%clk 1:10:02]} O-O {[%clk 1:01:41]} 8. h4
{[%clk 1:09:39]} Ne4 {[%clk 0:57:14]} 9. Bd3 {[%clk 1:09:56]} Bd7 {[%clk
0:35:10]} 10. Nf3 {[%clk 1:06:41]} f6 {[%clk 0:31:44]} 11. Qc2 {[%clk 0:52:22]}
Bc6 {[%clk 0:30:16]} 12. Nd2 {[%clk 0:51:47]} cxd4 {[%clk 0:20:30]} 13. Nxd4
{[%clk 0:43:13]} Bd7 {[%clk 0:09:04]} 14. Nxe4 {[%clk 0:42:43]} dxe4 {[%clk
0:09:18]} 15. Bxe4 {[%clk 0:43:09]} e5 {[%clk 0:07:26]} 16. Bxh7+ {[%clk
0:39:02]} Kh8 {[%clk 0:07:53]} 17. Bg6 {[%clk 0:39:02]} Qc8 {[%clk 0:03:26]} 18.
Nf5 {[%clk 0:38:43]} exf4 {[%clk 0:01:59]} 19. Nxe7 {[%clk 0:39:08]} Qc5 {[%clk
0:01:59]} 20. O-O-O {[%clk 0:33:04]} Bg4 {[%clk 0:01:14]} 21. Nd5 {[%clk
0:25:44]} Rad8 {[%clk 0:01:03]} 22. Nxf4 {[%clk 0:22:45]} Bxd1 {[%clk 0:01:04]}
23. Rxd1 {[%clk 0:23:09]} Qe5 {[%clk 0:00:54]} 24. Bd3 {[%clk 0:23:07]} Qc5
{[%clk 0:00:32]} 25. b4 {[%clk 0:17:23]} Nxb4 {[%clk 0:00:39]} 26. cxb4 {[%clk
0:17:39]} Qxc2+ {[%clk 0:00:52]} 27. Kxc2 {[%clk 0:17:32]} 1-0

[Event "67th Greek Championship"]
[Site "chess24.com"]
[Date "2017.12.20"]
[Round "6"]
[White "Kelires, Andreas"]
[Black "Papakonstantinou, Dimitrios"]
[Result "1-0"]
[Board "4"]
[WhiteElo "2519"]
[WhiteTitle "GM"]
[WhiteCountry "GRE"]
[WhiteFideId "5900727"]
[WhiteEloChange "2"]
[BlackElo "2251"]
[BlackCountry "GRE"]
[BlackFideId "4218655"]
[BlackEloChange "-4"]

1. d4 {[%clk 1:27:36]} Nf6 {[%clk 1:30:54]} 2. Nf3 {[%clk 1:28:03]} d6 {[%clk
1:31:17]} 3. Nc3 {[%clk 1:26:52]} Bf5 {[%clk 1:28:35]} 4. g3 {[%clk 1:24:39]} Ne4
{[%clk 1:24:27]} 5. Qd3 {[%clk 1:11:50]} Nxg3 {[%clk 1:12:19]} 6. e4 {[%clk
1:12:17]} Bxe4 {[%clk 1:12:34]} 7. Nxe4 {[%clk 1:12:42]} Nxh1 {[%clk 1:12:59]} 8.
Be3 {[%clk 1:06:54]} c6 {[%clk 1:05:54]} 9. O-O-O {[%clk 1:06:15]} Nd7 {[%clk
1:05:26]} 10. Bh3 {[%clk 1:03:46]} e6 {[%clk 0:58:26]} 11. Rxh1 {[%clk 1:02:18]}
h6 {[%clk 0:46:31]} 12. Bf4 {[%clk 0:48:49]} Nf6 {[%clk 0:44:49]} 13. Kb1 {[%clk
0:42:44]} Nxe4 {[%clk 0:39:41]} 14. Qxe4 {[%clk 0:43:13]} Qf6 {[%clk 0:40:03]}
15. c4 {[%clk 0:36:38]} g5 {[%clk 0:38:07]} 16. Bd2 {[%clk 0:35:58]} Bg7 {[%clk
0:37:21]} 17. Bc3 {[%clk 0:33:56]} Qf4 {[%clk 0:33:49]} 18. Qxf4 {[%clk 0:33:19]}
gxf4 {[%clk 0:34:17]} 19. Bd2 {[%clk 0:32:54]} c5 {[%clk 0:30:30]} 20. dxc5
{[%clk 0:31:41]} dxc5 {[%clk 0:30:14]} 21. Bxf4 {[%clk 0:31:48]} Ke7 {[%clk
0:28:35]} 22. Kc2 {[%clk 0:31:58]} Rad8 {[%clk 0:28:41]} 23. Bf1 {[%clk 0:29:40]}
Rhg8 {[%clk 0:25:21]} 24. Be2 {[%clk 0:28:11]} h5 {[%clk 0:23:57]} 25. h4 {[%clk
0:27:56]} Bf6 {[%clk 0:24:04]} 26. Ng5 {[%clk 0:24:38]} Rh8 {[%clk 0:21:35]} 27.
b3 {[%clk 0:23:58]} Bd4 {[%clk 0:20:59]} 28. Ne4 {[%clk 0:22:54]} b6 {[%clk
0:18:27]} 29. Bf3 {[%clk 0:21:48]} Rdg8 {[%clk 0:16:28]} 30. Re1 {[%clk 0:20:31]}
f6 {[%clk 0:13:16]} 31. Re2 {[%clk 0:19:18]} Rg1 {[%clk 0:13:26]} 32. Bc1 {[%clk
0:19:12]} Rf1 {[%clk 0:10:33]} 33. Ng3 {[%clk 0:19:16]} Rg1 {[%clk 0:09:56]} 34.
Nxh5 {[%clk 0:15:14]} Kf7 {[%clk 0:10:10]} 35. a3 {[%clk 0:10:44]} Rf1 {[%clk
0:09:15]} 36. Bb2 {[%clk 0:09:29]} Rxf2 {[%clk 0:08:36]} 37. Rxf2 {[%clk
0:08:09]} Bxf2 {[%clk 0:09:05]} 38. Nxf6 {[%clk 0:07:48]} Rxh4 {[%clk 0:09:16]}
39. Ng4 {[%clk 0:06:25]} Bg3 {[%clk 0:07:41]} 40. Kd3 {[%clk 0:34:35]} Bd6 {[%clk
0:34:39]} 41. Bc1 {[%clk 0:31:28]} Ke8 {[%clk 0:31:39]} 42. Bg5 {[%clk 0:30:54]}
Rh3 {[%clk 0:31:55]} 43. Ke4 {[%clk 0:29:25]} Kd7 {[%clk 0:30:13]} 44. Bd2 {[%clk
0:27:07]} Rh8 {[%clk 0:28:14]} 45. b4 {[%clk 0:25:14]} cxb4 {[%clk 0:27:13]} 46.
axb4 {[%clk 0:25:36]} Kc7 {[%clk 0:27:02]} 47. Bc3 {[%clk 0:20:06]} Rh4 {[%clk
0:27:13]} 48. Bf6 {[%clk 0:19:13]} Rh3 {[%clk 0:26:52]} 49. Bc3 {[%clk 0:18:39]}
Rh4 {[%clk 0:27:17]} 50. Ke3 {[%clk 0:18:50]} Rh3 {[%clk 0:26:16]} 51. Nf2 {[%clk
0:18:16]} Rh4 {[%clk 0:26:16]} 52. Ne4 {[%clk 0:15:45]} Bf4+ {[%clk 0:25:42]} 53.
Kf2 {[%clk 0:16:12]} Bd6 {[%clk 0:23:26]} 54. Bg2 {[%clk 0:15:37]} Rh5 {[%clk
0:22:27]} 55. Ke3 {[%clk 0:14:52]} Be5 {[%clk 0:21:54]} 56. Bf3 {[%clk 0:12:22]}
Bxc3 {[%clk 0:18:51]} 57. Nxc3 {[%clk 0:12:40]} Rg5 {[%clk 0:18:11]} 58. Nb5+
{[%clk 0:12:28]} Kb8 {[%clk 0:18:29]} 59. Nd4 {[%clk 0:12:48]} Kc8 {[%clk
0:17:12]} 60. Nxe6 {[%clk 0:12:57]} Re5+ {[%clk 0:16:39]} 61. Kd4 {[%clk
0:13:22]} Re1 {[%clk 0:17:05]} 62. Bg4 {[%clk 0:11:12]} Kb7 {[%clk 0:17:06]} 63.
Kd5 {[%clk 0:10:13]} a5 {[%clk 0:15:54]} 64. bxa5 {[%clk 0:10:26]} bxa5 {[%clk
0:16:15]} 65. c5 {[%clk 0:10:51]} Rc1 {[%clk 0:16:21]} 66. Kd6 {[%clk 0:09:47]}
a4 {[%clk 0:14:32]} 67. Bf3+ {[%clk 0:07:26]} Kc8 {[%clk 0:14:22]} 68. c6 {[%clk
0:06:42]} a3 {[%clk 0:04:16]} 69. Bg4 {[%clk 0:05:57]} Rc4 {[%clk 0:03:34]} 70.
Nf4+ {[%clk 0:06:08]} Kb8 {[%clk 0:03:05]} 71. Be6 {[%clk 0:06:35]} Rc2 {[%clk
0:02:32]} 72. Kd7 {[%clk 0:04:17]} Rc5 {[%clk 0:01:57]} 73. Nd3 {[%clk 0:03:58]}
Rc3 {[%clk 0:02:05]} 74. Nb4 {[%clk 0:03:52]} Rc1 {[%clk 0:01:59]} 75. Kd8 {[%clk
0:02:19]} Rd1+ {[%clk 0:01:28]} 76. Bd5 {[%clk 0:01:41]} Rc1 {[%clk 0:00:56]} 77.
c7+ {[%clk 0:01:57]} Rxc7 {[%clk 0:01:21]} 78. Na6+ {[%clk 0:02:26]} Ka7 {[%clk
0:01:50]} 79. Nxc7 {[%clk 0:02:50]} Kb6 {[%clk 0:02:16]} 80. Kd7 {[%clk 0:02:59]}
Kc5 {[%clk 0:02:38]} 81. Ke6 {[%clk 0:03:12]} Kb4 {[%clk 0:02:50]} 82. Ke5 {[%clk
0:03:15]} Kc3 {[%clk 0:03:10]} 83. Na6 {[%clk 0:03:39]} Kb2 {[%clk 0:03:27]} 84.
Nb4 {[%clk 0:04:06]} Kc3 {[%clk 0:03:19]} 85. Na2+ {[%clk 0:04:31]} Kd3 {[%clk
0:03:47]} 86. Kd6 {[%clk 0:04:46]} Kd4 {[%clk 0:04:06]} 87. Kc6 {[%clk 0:05:11]}
Ke5 {[%clk 0:04:25]} 88. Kc5 {[%clk 0:05:35]} Kf5 {[%clk 0:04:48]} 89. Kd4 {[%clk
0:06:00]} Kf6 {[%clk 0:05:15]} 90. Nb4 {[%clk 0:06:26]} Kf5 {[%clk 0:05:40]} 91.
Nc2 {[%clk 0:06:54]} a2 {[%clk 0:06:05]} 92. Bxa2 {[%clk 0:07:21]} Kf6 {[%clk
0:06:28]} 93. Ne3 {[%clk 0:07:46]} Kg5 {[%clk 0:06:46]} 94. Ke5 {[%clk 0:08:11]}
Kg6 {[%clk 0:07:14]} 95. Be6 {[%clk 0:08:31]} Kg7 {[%clk 0:07:31]} 96. Kf5 {[%clk
0:08:30]} Kh6 {[%clk 0:07:54]} 97. Kf6 {[%clk 0:07:41]} Kh7 {[%clk 0:08:23]} 98.
Ng4 {[%clk 0:07:28]} Kh8 {[%clk 0:08:50]} 99. Ne5 {[%clk 0:07:49]} Kh7 {[%clk
0:09:18]} 100. Ng6 {[%clk 0:06:26]} Kh6 {[%clk 0:09:47]} 101. Bg4 {[%clk
0:04:42]} Kh7 {[%clk 0:10:10]} 102. Bh3 {[%clk 0:04:49]} Kg8 {[%clk 0:10:29]}
103. Bg2 {[%clk 0:04:34]} Kh7 {[%clk 0:10:50]} 104. Bd5 {[%clk 0:04:39]} Kh6
{[%clk 0:11:18]} 105. Bg8 {[%clk 0:04:55]} Kh5 {[%clk 0:11:44]} 106. Be6 {[%clk
0:05:22]} Kh6 {[%clk 0:12:02]} 107. Nf8 {[%clk 0:05:45]} Kh5 {[%clk 0:12:27]}
108. Ng6 {[%clk 0:04:20]} Kh6 {[%clk 0:12:55]} 109. Ne5 {[%clk 0:04:44]} Kh7
{[%clk 0:13:17]} 110. Nf7 {[%clk 0:03:14]} Kg8 {[%clk 0:13:46]} 111. Bf5 {[%clk
0:03:10]} Kf8 {[%clk 0:14:11]} 112. Bh7 {[%clk 0:02:40]} Ke8 {[%clk 0:14:41]}
113. Ne5 {[%clk 0:03:04]} Kd8 {[%clk 0:14:48]} 114. Ke6 {[%clk 0:03:30]} Kc7
{[%clk 0:15:00]} 115. Kd5 {[%clk 0:03:00]} Kb6 {[%clk 0:15:29]} 116. Kc4 {[%clk
0:03:02]} Ka5 {[%clk 0:15:24]} 117. Bc2 {[%clk 0:03:25]} Kb6 {[%clk 0:15:50]}
118. Bb3 {[%clk 0:03:48]} Kc7 {[%clk 0:15:56]} 119. Kc5 {[%clk 0:04:15]} Kd8
{[%clk 0:16:20]} 120. Kd6 {[%clk 0:04:39]} Ke8 {[%clk 0:16:48]} 121. Nd7 {[%clk
0:04:10]} Kd8 {[%clk 0:17:17]} 122. Nf6 {[%clk 0:04:33]} Kc8 {[%clk 0:17:44]}
123. Bd5 {[%clk 0:04:54]} Kd8 {[%clk 0:18:03]} 124. Bc6 {[%clk 0:04:29]} Kc8
{[%clk 0:18:32]} 125. Nd5 {[%clk 0:04:51]} Kd8 {[%clk 0:18:58]} 126. Nc7 {[%clk
0:05:17]} Kc8 {[%clk 0:19:26]} 127. Ne6 {[%clk 0:05:42]} Kb8 {[%clk 0:19:50]}
128. Kc5 {[%clk 0:05:58]} Ka7 {[%clk 0:19:59]} 129. Kb5 {[%clk 0:06:24]} Kb8
{[%clk 0:20:26]} 130. Kb6 {[%clk 0:06:49]} Kc8 {[%clk 0:20:53]} 131. Bb5 {[%clk
0:07:14]} Kb8 {[%clk 0:21:20]} 132. Ba6 {[%clk 0:07:41]} 1-0

[Event "67th Greek Championship"]
[Site "chess24.com"]
[Date "2017.12.21"]
[Round "7"]
[White "Papakonstantinou, Dimitrios"]
[Black "Michelakos, Panagiotis"]
[Result "1-0"]
[Board "1"]
[WhiteElo "2251"]
[WhiteCountry "GRE"]
[WhiteFideId "4218655"]
[WhiteEloChange "11"]
[BlackElo "2272"]
[BlackCountry "GRE"]
[BlackFideId "4216067"]
[BlackEloChange "-11"]

1. e4 {[%clk 1:30:56]} c5 {[%clk 1:30:43]} 2. Nf3 {[%clk 1:31:18]} d6 {[%clk
1:30:55]} 3. d4 {[%clk 1:31:43]} cxd4 {[%clk 1:31:18]} 4. Nxd4 {[%clk 1:32:08]}
Nf6 {[%clk 1:31:41]} 5. Nc3 {[%clk 1:32:35]} g6 {[%clk 1:32:03]} 6. Be3 {[%clk
1:33:00]} Bg7 {[%clk 1:32:25]} 7. f3 {[%clk 1:33:26]} Nc6 {[%clk 1:31:35]} 8. Qd2
{[%clk 1:33:28]} O-O {[%clk 1:31:37]} 9. Bc4 {[%clk 1:33:53]} Bd7 {[%clk
1:31:50]} 10. O-O-O {[%clk 1:34:02]} Rb8 {[%clk 1:32:02]} 11. Kb1 {[%clk
1:32:12]} Na5 {[%clk 1:28:40]} 12. Bb3 {[%clk 1:31:29]} b5 {[%clk 1:29:03]} 13.
h4 {[%clk 1:31:29]} Nc4 {[%clk 1:28:43]} 14. Bxc4 {[%clk 1:31:54]} bxc4 {[%clk
1:29:11]} 15. g4 {[%clk 1:30:31]} h5 {[%clk 1:14:39]} 16. gxh5 {[%clk 1:26:37]}
Nxh5 {[%clk 1:14:59]} 17. Ka1 {[%clk 1:26:49]} Qb6 {[%clk 0:55:40]} 18. Rb1
{[%clk 1:27:02]} Qa5 {[%clk 0:55:03]} 19. Rhg1 {[%clk 1:22:05]} Rfc8 {[%clk
0:49:33]} 20. Rg5 {[%clk 1:07:32]} Rc5 {[%clk 0:46:17]} 21. Nde2 {[%clk 1:02:17]}
Rxg5 {[%clk 0:39:03]} 22. hxg5 {[%clk 1:01:59]} Qa6 {[%clk 0:25:19]} 23. Bd4
{[%clk 0:59:34]} e5 {[%clk 0:15:32]} 24. Be3 {[%clk 0:58:51]} Be6 {[%clk
0:15:18]} 25. Nd5 {[%clk 0:55:46]} Bxd5 {[%clk 0:10:50]} 26. Qxd5 {[%clk
0:53:35]} Nf4 {[%clk 0:07:53]} 27. Nxf4 {[%clk 0:50:45]} exf4 {[%clk 0:08:20]}
28. Bd4 {[%clk 0:51:07]} Bxd4 {[%clk 0:01:35]} 29. Qxd4 {[%clk 0:51:31]} Qa5
{[%clk 0:01:55]} 30. Qxd6 {[%clk 0:47:28]} Rd8 {[%clk 0:02:15]} 31. Qf6 {[%clk
0:45:53]} Qb6 {[%clk 0:02:17]} 32. Qxf4 {[%clk 0:45:02]} Qd4 {[%clk 0:00:33]} 33.
c3 {[%clk 0:41:12]} Qf2 {[%clk 0:00:39]} 34. Qc7 {[%clk 0:35:02]} Rd2 {[%clk
0:00:50]} 35. Qxc4 {[%clk 0:34:44]} Qxf3 {[%clk 0:00:59]} 36. a3 {[%clk 0:34:17]}
Re2 {[%clk 0:00:48]} 37. Qd4 {[%clk 0:32:39]} Rxe4 {[%clk 0:01:10]} 38. Qxa7
{[%clk 0:32:53]} Rg4 {[%clk 0:00:43]} 39. Qb8+ {[%clk 0:31:15]} Kh7 {[%clk
0:00:55]} 40. Qh2+ {[%clk 1:00:43]} Kg8 {[%clk 0:30:33]} 41. Rh1 {[%clk 1:00:16]}
Kf8 {[%clk 0:26:47]} 42. Qd6+ {[%clk 0:56:51]} Kg7 {[%clk 0:25:27]} 43. Qe5+
{[%clk 0:57:03]} 1-0